| 000 | 00708nam a2200181 a 4500 | ||
|---|---|---|---|
| 008 | 080929s2007 ||||||||||||||||| || u | ||
| 050 | _aIBRD(08) | ||
| 100 | _aPatrinos, Harry Anthony | ||
| 245 | 1 | 4 | _aThe living Conditions of Children |
| 260 |
_aWashington, D. C. _bWorld Bank _c2007 |
||
| 300 | _a19p. :ill. | ||
| 350 | _a0.00 | ||
| 490 | _aWorld Bank policy research working papers | ||
| 650 | _aEARLY CHILDHOOD INTERVENTIONS--RESEARCH | ||
| 650 | _aSOCIALECONOMIC CONDITIONS--RESEARCH--CHILDREN | ||
| 710 | _aWorld Bank | ||
| 995 |
_D0.00 _FCBU-MAIN LIBRARY (Kitwe) _H1 _I0.00 _M1 _UAVAILABLE _WSep 29, 2008 _ZInternational Publications |
||
| 999 |
_c49397 _d49397 |
||